000 00709nam a2200169Ia 4500
008 151213s9999 xx 000 0 und d
020 _a984-809-026-6
100 _aমু: আমীরুজ্জামান খান।
245 _aব্যবস্থাপনায় গবেষণা পদ্ধতি।
_cমু: আমীরুজ্জামান খান।
250 _a১ম সং
260 _aঢাকা
_bবিশ্ববিদ্যালয় মঞ্জুরী কমিশন।
_c2006
300 _a4623 p.
650 _aBangla
650 _aব্যবস্থাপনা
700 _aমু: আমীরুজ্জামান খান।
999 _c2978
_d2978